000 00358pam a2200133a 44500
008 230405s xxu||||| |||| 00| 0 eng d
041 _aENG
100 _aWHO
245 _aQUALITY CONTROL METHODS FOR MEDICINAL PLANT MATERIALS
260 _aGENEVA
_bWORLD HEALTH ORGANIZATION PUBLICATION GENEVA
_c
300 _a115
650 _aPHARMACOGNOSY
906 _a1261
999 _c266700
_d266700